Halifax house price index (Record no. 113259)

MARC details
000 -LEADER
fixed length control field 01035cad a22002055a 4500
001 - CONTROL NUMBER
control field L154955
008 - FIXED-LENGTH DATA ELEMENTS--GENERAL INFORMATION
fixed length control field 120209s20120206xxk f 000 0 eng d
035 ## - SYSTEM CONTROL NUMBER
System control number (Sirsi) u154955
041 0# - LANGUAGE CODE
Language code of text/sound track or separate title eng
050 04 - LIBRARY OF CONGRESS CALL NUMBER
Classification number 333.33 $2 18
110 2# - MAIN ENTRY--CORPORATE NAME
Corporate name or jurisdiction name as entry element Lloyds Banking Group
9 (RLIN) 5822
245 00 - TITLE STATEMENT
Title Halifax house price index
Remainder of title January 2012
Medium [electronic resource]
260 ## - PUBLICATION, DISTRIBUTION, ETC.
Place of publication, distribution, etc. London
Name of publisher, distributor, etc. Lloyds Banking Group
Date of publication, distribution, etc. 2012
520 ## - SUMMARY, ETC.
Summary, etc. UK house prices increased by 0.6% in January 2012, a 1.8% decrease since January 2011. Prospects for house prices over the coming months will, to a large extent, depend on events in the Eurozone and the repercussions of developments there for the UK economy. If the UK can avoid a prolonged recession, there should be broad stability in house prices in 2012.
590 ## - LOCAL NOTE (RLIN)
Local note KA
651 #4 - SUBJECT ADDED ENTRY--GEOGRAPHIC NAME
Geographic name United Kingdom
690 ## - LOCAL SUBJECT ADDED ENTRY--TOPICAL TERM (OCLC, RLIN)
Topical term or geographic name as entry element Residential property
9 (RLIN) 6266
856 40 - ELECTRONIC LOCATION AND ACCESS
Uniform Resource Identifier <a href="http://web.archive.org/web/20120323223011/https://www.lloydsbankinggroup.com/media/pdfs/halifax/2012/0602_HPI.pdf">http://web.archive.org/web/20120323223011/https://www.lloydsbankinggroup.com/media/pdfs/halifax/2012/0602_HPI.pdf</a>
Public note Available on the web archive
942 ## - ADDED ENTRY ELEMENTS (KOHA)
Suppress in OPAC 0
Source of classification or shelving scheme Dewey Decimal Classification
Holdings
Withdrawn status Lost status Source of classification or shelving scheme Damaged status Not for loan Home library Current library Shelving location Date acquired Total Checkouts Full call number Barcode Date last seen Copy number Price effective from Koha item type
    Dewey Decimal Classification     Virtual Virtual Online 09/02/2012   ONLINE PUBLICATION 154955-2001 06/08/2019 1 06/08/2019 Book